Youtube - Top 20 most subscribed Channels - Statistics

General Stats
  • This quiz has been taken 119 times
    83 since last reset
  • The average score is 7 of 20
Answer Stats
Rank Hint Subscriber count Channel % Correct
02. Swedish gamer 104 million Pewdiepie
96%
01. Indian Music company 132 million T-Series
79%
07. Wrestling 55 million WWE
69%
08. Canadian singer 52 million Justin Bieber
65%
03. Animations for kids 75 million Cocomelon
56%
17. American rapper 41 million EminemMusic
44%
11. American sportsmen 49 million Dude Perfect
37%
05. How to videos 65 million 5-Minute Crafts
35%
13. English musician 43 million Ed Sheeran
33%
14. DJ and musician 43 million Marshmello
24%
19. American singer 40 million Ariana Grande
21%
18. Chilean vlogger 40 million HolaSoyGerman
17%
04. Indian TV Network 67 million SET India
16%
12. Kids show 48 million Kids Diana Show
13%
10. Kids show 50 million Like Nastya
12%
09. Indian Music company 51 million Zee Music Company
12%
16. Indian TV Network 42 million Zee TV
12%
06. Brazilian musician 56 million Canal Kondzilla
11%
20. Brazilian comedian 38 million whinderssonnunes
9%
15. Spanish Entertainers 42 million Badabun
7%
No matching quizzes found
Score Distribution
Percent of People with Each Score
Percentile by Number Answered
Your Score History
You have not taken this quiz since the last reset